| 000 | 04352nam a22004691 4500 | ||
|---|---|---|---|
| 005 | 20050808122104.0 | ||
| 008 | 721219s1962 nyu 000 0 eng | ||
| 010 | _aB-342324-339 | ||
| 020 |
_a9781846841644 _c195.00 |
||
| 020 |
_a184684164X _c195.00 |
||
| 035 | _aB-342324-339 | ||
| 037 | _bViva Books | ||
| 040 |
_adpl _bEnglish |
||
| 082 | _a303.625 | ||
| 100 | _aFotion, Nicholas | ||
| 245 |
_aTerrorism : _cby Nicholas Fotion, Boris Kashnikov [and] Joanne K. Lekea _bthe new world disorder / |
||
| 260 |
_aLondon _bContinuum International Publishing Group _c2008 |
||
| 270 |
_aThe Tower Building,11 York Road _bLondon _eSE17NX |
||
| 300 |
_axix,187 p. _c18cm(pbk) |
||
| 490 | _aThink now series; edited by James Garvey [and] Jeremy Stangroom | ||
| 500 | _aincludes bibliographical references & index | ||
| 700 | _aKashnikov , Boris | ||
| 700 | _aLekea, Joanne | ||
| 942 |
_2ddc _cEN _mFOT _h303.625 |
||
| 999 |
_c24431 _d24431 |
||